00546nam a2200193 a 4500001001300000003000900013005001700022008004100039020002300080082001700103100002600120245004800146260004400194300000900238500003500247505002400282650002300306650002300329nice12345678IN_TiNIC20260116013722.0050524s1996 lona grp 000 0 eng  a0194144 c54500a294.513bVAU aVaudeville, Charlotte aMyths, Saints and Legends in Medieval India aLondan bOxford University Press c1996 a334p aincludes index and biblioraphy2 aBibliography, Index aMythology-Hinduism aMysticism-Hinduism